000 00810nam a2200253Ia 4500
003 OSt
005 20221005112804.0
006 a|||||r|||| 00| 0
007 ta
008 221004b |||||||| |||| 00| 0 pan d
020 _c120
024 _a95172
037 _b214, 31/12/2008, H.K. Prakashan
_cTextual
040 _aCRL
_cCRL
_bpan
041 _2pan
_apan
082 _aO153,1NKUx, P4
100 _aਕੁਲਦੀਪ
245 0 _aਰੱੁਤਾਂ ਦੇ ਸਿਰਨਾਵੇ੍ਵ
260 _aਦਿੱਲੀ
_bਆਰਸੀ ਪਬਲਿਰਗ਼ ਭਾਰਤ
_c2004
300 _a87ਪੰ
_ccm.
650 _aਪੰਜਾਬੀ ਸਾਹਿਤ
942 _hO153,1NKUx, P4
_cTEXL
_2cc
999 _c1025973
_d1025973